Drops of Nectar : a collection of teaching (Record no. 38)

MARC details
000 -LEADER
fixed length control field 00402nam a2200157Ia 4500
003 - CONTROL NUMBER IDENTIFIER
control field OSt
005 - DATE AND TIME OF LATEST TRANSACTION
control field 20230831170607.0
008 - FIXED-LENGTH DATA ELEMENTS--GENERAL INFORMATION
fixed length control field 230125s9999 xx 000 0 und d
020 ## - INTERNATIONAL STANDARD BOOK NUMBER
International Standard Book Number 951017519
082 ## - DEWEY DECIMAL CLASSIFICATION NUMBER
Classification number 294.54
Item number SARD
100 ## - MAIN ENTRY--PERSONAL NAME
Personal name SARASWATIJI, Chidanand
245 #0 - TITLE STATEMENT
Title Drops of Nectar : a collection of teaching
260 ## - PUBLICATION, DISTRIBUTION, ETC.
Name of publisher, distributor, etc. Swami Chidanand Saraswatiji, Muniji
Date of publication, distribution, etc. 1999
300 ## - PHYSICAL DESCRIPTION
Extent 114
942 ## - ADDED ENTRY ELEMENTS (KOHA)
Koha item type Book
Source of classification or shelving scheme Dewey Decimal Classification
Holdings
Withdrawn status Lost status Source of classification or shelving scheme Damaged status Not for loan Collection code Home library Current library Shelving location Date acquired Full call number Barcode Date last seen Price effective from Koha item type Public note
    Dewey Decimal Classification     Non-fiction RIC Library RIC Library General Stacks 01/25/2023 294.54 SARD 000038 01/25/2023 01/25/2023 Book R-4.2

Venue

Rajasthan International Centre
Sansthan Path,JLN Marg, Jaipur- 302017
Phone: +91-7230904025